Mathematics, science, and technology people and Earth's ecosystems / (Record no. 88289)

MARC details
000 -LEADER
fixed length control field 00861nam a22002537a 4500
003 - CONTROL NUMBER IDENTIFIER
control field URS
005 - DATE AND TIME OF LATEST TRANSACTION
control field 20251023081740.0
008 - FIXED-LENGTH DATA ELEMENTS--GENERAL INFORMATION
fixed length control field 251006b ||||| |||| 00| 0 eng d
020 ## - INTERNATIONAL STANDARD BOOK NUMBER
International Standard Book Number 978-621-409-297-0
040 ## - CATALOGING SOURCE
Transcribing agency URS
Language of cataloging English
Description conventions rda
050 ## - LIBRARY OF CONGRESS CALL NUMBER
Classification number QH541
Item number .P284 2025
100 ## - MAIN ENTRY--PERSONAL NAME
Personal name Pasquito, Leonardo N.,
Relator term author.
9 (RLIN) 6589
245 ## - TITLE STATEMENT
Title Mathematics, science, and technology people and Earth's ecosystems /
Statement of responsibility, etc Leonardo N. Pasquito, Hans Peter A. Caronan.
264 ## - PUBLICATION, DISTRIBUTION, ETC. (IMPRINT)
Place of publication, distribution, etc Mandaluyong City :
Name of publisher, distributor, etc Books Atbp. Publishing Corp.,
Date of publication, distribution, etc ©2025.
300 ## - PHYSICAL DESCRIPTION
Extent 248 pages ;
Dimensions 22 cm.
336 ## - CONTENT TYPE
Source rdacontent
Content type term text
337 ## - MEDIA TYPE
Source rdamedia
Media type term unmediated
338 ## - CARRIER TYPE
Source rdacarrier
Carrier type term volume
504 ## - BIBLIOGRAPHY, ETC. NOTE
Bibliography, etc Includes bibliographical references.
650 #0 - SUBJECT ADDED ENTRY--TOPICAL TERM
Topical term or geographic name as entry element Ecology.
9 (RLIN) 6590
650 #0 - SUBJECT ADDED ENTRY--TOPICAL TERM
Topical term following geographic name as entry element Ecosystem.
Topical term or geographic name as entry element Ecosystem.
9 (RLIN) 6591
700 ## - ADDED ENTRY--PERSONAL NAME
Personal name Caronan, Hans Peter A.,
Relator term author.
9 (RLIN) 38
942 ## - ADDED ENTRY ELEMENTS (KOHA)
Source of classification or shelving scheme Library of Congress Classification
Koha item type Filipiniana
Holdings
Withdrawn status Lost status Source of classification or shelving scheme Damaged status Not for loan Collection code Home library Current library Date acquired Total Checkouts Full call number Barcode Date last seen Copy number Price effective from Koha item type Shelving location
    Library of Congress Classification       Angono College Library Angono College Library 02/16/2026   QH541 .P265 2025 URSANG-7684 02/16/2026 1 02/16/2026 Filipiniana Filipiniana Section
    Library of Congress Classification       Angono College Library Angono College Library 02/16/2026   QH541 .P265 2025 URSANG-7685 02/16/2026 2 02/16/2026 Filipiniana Filipiniana Section
    Library of Congress Classification     Non-fiction Morong College Library Morong College Library 10/06/2025   QH541 .P284 2025 URSMOR-CL-30652 10/06/2025 1 10/06/2025 Filipiniana  
    Library of Congress Classification     Non-fiction Morong College Library Morong College Library 10/06/2025   QH541 .P284 2025 URSMOR-CL-30653 10/06/2025 2 10/06/2025 Filipiniana  
    Library of Congress Classification     Non-fiction Morong College Library Morong College Library 10/06/2025   QH541 .P284 2025 URSMOR-CL-30654 10/06/2025 3 10/06/2025 Filipiniana  
    Library of Congress Classification     Non-fiction Morong College Library Morong College Library 10/06/2025   QH541 .P284 2025 URSMOR-CL-30655 10/06/2025 4 10/06/2025 Filipiniana  
    Library of Congress Classification     Non-fiction Morong College Library Morong College Library 10/06/2025   QH541 .P284 2025 URSMOR-CL-30656 10/06/2025 5 10/06/2025 Filipiniana  
    Library of Congress Classification     Non-fiction Taytay College Library Taytay College Library 10/21/2025   QH541 .P284 2025 URSTAY-5916 10/23/2025 1   Filipiniana Filipiniana Section
    Library of Congress Classification     Non-fiction Taytay College Library Taytay College Library 10/21/2025   QH541 .P284 2025 URSTAY-5917 10/23/2025 2   Filipiniana Filipiniana Section
    Library of Congress Classification     Non-fiction Taytay College Library Taytay College Library 10/21/2025   QH541 .P284 2025 URSTAY-5918 10/23/2025 3   Filipiniana Filipiniana Section

University of Rizal System
Email us at univlibservices@urs.edu.ph

Visit our Website www.urs.edu.ph/library